[Event "Tata Steel (B) 2015"]
[Site "Wijk aan Zee NED"]
[Date "2015.01.24"]
[Round "12"]
[White "Van Kampen, R."]
[Black "Potkin, V."]
[Result "1-0"]
[WhiteElo "2615"]
[BlackElo "2608"]
[PlyCount "61"]
[EventDate "2015.01.10"]

1. e4 e6 2. d4 d5 3. Nc3 Nf6 4. Bg5 dxe4 5. Nxe4 Nbd7 6. Nf3 h6 7. Bxf6 Nxf6 8.
Bd3 c5 9. Qe2 Qa5+ 10. c3 Nxe4 11. Bxe4 cxd4 12. Nxd4 Bd6 13. O-O O-O 14. Rad1
a6 15. Nf3 Rd8 16. Bc2 Qc7 17. Qe4 f5 18. Qe2 Bd7 19. Bb3 Kh8 20. Rfe1 a5 21.
g3 Ra6 22. Ne5 Bc8 23. Rd4 Kh7 24. Red1 Be7 25. Rxd8 Bxd8 26. Qh5 Bf6 27. Qg6+
Kg8 28. Qe8+ Kh7 29. Ng6 Qc6 30. Nf8+ Kg8 31. Nd7+ 1-0

[Event "Tata Steel 2015"]
[Site "Wijk aan Zee NED"]
[Date "2015.01.25"]
[Round "13"]
[White "Hou Yifan"]
[Black "Ivanchuk, V."]
[Result "1/2-1/2"]
[WhiteElo "2673"]
[BlackElo "2715"]
[PlyCount "60"]
[EventDate "2015.01.09"]

1. e4 e5 2. Bc4 Nf6 3. d3 Bc5 4. Nf3 Nc6 5. O-O d6 6. c3 a6 7. Bb3 Ba7 8. Re1
O-O 9. h3 Be6 10. Nbd2 Bxb3 11. axb3 d5 12. Qe2 Qd7 13. Nf1 d4 14. b4 Rad8 15.
Rd1 Ne8 16. Ng3 f6 17. Qe1 Kh8 18. c4 Bb8 19. h4 Nd6 20. h5 Rde8 21. c5 Nc8 22.
Nh4 N8e7 23. Bd2 Qg4 24. Nhf5 Nxf5 25. exf5 Ne7 26. Qe4 Qxe4 27. Nxe4 c6 28. g4
Nd5 29. Kf1 h6 30. Ke2 Kg8 1/2-1/2

[Event "Tata Steel 2015"]
[Site "Wijk aan Zee NED"]
[Date "2015.01.25"]
[Round "13"]
[White "Carlsen, M."]
[Black "Saric, Iv"]
[Result "1/2-1/2"]
[WhiteElo "2862"]
[BlackElo "2666"]
[PlyCount "98"]
[EventDate "2015.01.09"]

1. e4 c5 2. Nf3 Nc6 3. Nc3 Nf6 4. Bb5 Qc7 5. O-O Nd4 6. Re1 a6 7. Bc4 b5 8. Nd5
Nxd5 9. Bxd5 Rb8 10. Nxd4 cxd4 11. d3 e6 12. Bb3 Bd6 13. Qh5 Bb7 14. f4 Bxf4
15. Bxf4 Qxf4 16. Rf1 Qe3+ 17. Kh1 O-O 18. Rf3 Qh6 19. Qe5 a5 20. a4 Bc6 21.
axb5 Rxb5 22. Qxd4 Qd2 23. Raf1 Qb4 24. Qf2 f6 25. Rf4 Re5 26. Rb1 a4 27. Ba2
Rb8 28. c3 Qb6 29. Qd2 Rb5 30. Rf2 Qc7 31. h3 h6 32. Qe3 Rg5 33. d4 Kh8 34. Re1
Bb5 35. e5 f5 36. d5 exd5 37. Bxd5 Bc4 38. Rd1 Re8 39. Bxc4 Qxc4 40. Rxd7 Qb5
41. e6 Qc6 42. Qf3 Qxe6 43. Rd5 Qe1+ 44. Rf1 Qe2 45. Rxf5 Rxf5 46. Qxe2 Rxe2
47. Rxf5 Rxb2 48. Ra5 Rc2 49. Rxa4 Rxc3 1/2-1/2

[Event "Tata Steel 2015"]
[Site "Wijk aan Zee NED"]
[Date "2015.01.25"]
[Round "13"]
[White "Wojtaszek, R."]
[Black "Giri, A."]
[Result "1/2-1/2"]
[WhiteElo "2744"]
[BlackElo "2784"]
[PlyCount "60"]
[EventDate "2015.01.09"]

1. d4 Nf6 2. c4 g6 3. Nc3 d5 4. Nf3 Bg7 5. Qb3 dxc4 6. Qxc4 O-O 7. e4 Nc6 8.
Be2 Nd7 9. Be3 Nb6 10. Qc5 Bg4 11. d5 Bxf3 12. gxf3 Nd7 13. Qc4 Na5 14. Qa4 c6
15. Rd1 b5 16. Qc2 a6 17. dxc6 Nxc6 18. Nxb5 axb5 19. Qxc6 Qa5+ 20. Kf1 Ne5 21.
Qxb5 Qxa2 22. f4 Rab8 23. Qd5 Qxd5 24. Rxd5 Nc6 25. Rd2 Rxb2 26. Rxb2 Bxb2 27.
Kg2 Nd4 28. Bd3 Ne6 29. f5 gxf5 30. exf5 Ng7 1/2-1/2

[Event "Tata Steel 2015"]
[Site "Wijk aan Zee NED"]
[Date "2015.01.25"]
[Round "13"]
[White "Jobava, Ba"]
[Black "Radjabov, T."]
[Result "1-0"]
[WhiteElo "2727"]
[BlackElo "2734"]
[PlyCount "119"]
[EventDate "2015.01.09"]

1. d4 Nf6 2. c4 g6 3. Nc3 Bg7 4. e4 d6 5. Be2 O-O 6. h4 c5 7. d5 b5 8. cxb5 a6
9. bxa6 Qa5 10. Bd2 Bxa6 11. h5 Nbd7 12. hxg6 hxg6 13. Bxa6 Qxa6 14. Nge2 Rfb8
15. Rb1 Rb4 16. a3 Rb7 17. O-O Rab8 18. Qc2 Ne5 19. f3 Qd3 20. Rfc1 Qxc2 21.
Rxc2 Nc4 22. a4 Nxb2 23. a5 Nd3 24. Rxb7 Rxb7 25. Ra2 Nb4 26. Ra4 Nd7 27. Nd1
Na6 28. Kf1 Ne5 29. Nc1 Rb1 30. Ke2 Kf8 31. g4 Nd7 32. g5 Bd4 33. Kd3 Ne5+ 34.
Kc2 Rb8 35. f4 Nf3 36. Ne2 Nxd2 37. Kxd2 Bg7 38. Ne3 Rb2+ 39. Ke1 Rb1+ 40. Kf2
Rb2 41. e5 Rd2 42. Kf3 Ke8 43. exd6 exd6 44. Ng3 Kd7 45. Ne4 Rb2 46. Nc4 Rb4
47. Rxb4 cxb4 48. Nexd6 b3 49. Nxf7 b2 50. Nxb2 Bxb2 51. Ne5+ Ke7 52. Nxg6+ Kd6
53. Ne5 Bxe5 54. fxe5+ Kxd5 55. g6 Ke6 56. Kg4 Nc7 57. Kh5 Kxe5 58. g7 Ne8 59.
g8=Q Nf6+ 60. Kg5 1-0

[Event "Tata Steel (B) 2015"]
[Site "Wijk aan Zee NED"]
[Date "2015.01.25"]
[Round "13"]
[White "Sevian, Samuel"]
[Black "Timman, J."]
[Result "1-0"]
[WhiteElo "2511"]
[BlackElo "2593"]
[PlyCount "71"]
[EventDate "2015.01.10"]

1. e4 d6 2. d4 Nf6 3. Nc3 g6 4. Be3 c6 5. h3 Bg7 6. f4 Qb6 7. Qc1 Na6 8. a3 Qa5
9. b4 Qc7 10. Nf3 Nh5 11. Bd3 Ng3 12. Rg1 c5 13. Bf2 Nh5 14. g4 Nf6 15. e5 Nd7
16. Nd5 Qb8 17. bxc5 dxc5 18. f5 Nc7 19. c4 Nxd5 20. cxd5 cxd4 21. e6 Ne5 22.
Bb5+ Kf8 23. Nxd4 h5 24. g5 gxf5 25. Qc2 Qd6 26. Rc1 fxe6 27. Qxc8+ Rxc8 28.
Rxc8+ Kf7 29. dxe6+ Qxe6 30. Nxe6 Nf3+ 31. Kd1 Rxc8 32. Rg3 Kxe6 33. Rxf3 a6
34. Bd3 Rf8 35. Bc2 Ke5 36. Be1 1-0

[Event "Tata Steel (B) 2015"]
[Site "Wijk aan Zee NED"]
[Date "2015.01.25"]
[Round "13"]
[White "L'Ami, E."]
[Black "Dale, Ari"]
[Result "1-0"]
[WhiteElo "2613"]
[BlackElo "2291"]
[PlyCount "121"]
[EventDate "2015.01.10"]

1. d4 d5 2. c4 e6 3. Nf3 c5 4. cxd5 exd5 5. g3 Nc6 6. Bg2 Nf6 7. O-O Be7 8.
dxc5 Bxc5 9. a3 O-O 10. b4 Be7 11. Bb2 Ne4 12. Nc3 Bf6 13. Rc1 Bf5 14. Qb3 Re8
15. e3 Nxc3 16. Bxc3 Be4 17. Rfd1 Rc8 18. Bxf6 Qxf6 19. Qc3 Qxc3 20. Rxc3 f6
21. Rdc1 Ne7 22. Nd4 Rxc3 23. Rxc3 Rc8 24. Rxc8+ Nxc8 25. Ne6 Bxg2 26. Kxg2 Nb6
27. Kf3 Nc4 28. a4 Nb2 29. a5 Nd3 30. b5 Ne5+ 31. Ke2 Nc4 32. a6 bxa6 33. bxa6
Nb6 34. Kd3 Kf7 35. Nc7 Ke7 36. Kd4 Nd7 37. Kxd5 Nb8 38. Ne6 Nxa6 39. Nxg7 Nb4+
40. Kc4 Nc6 41. Nf5+ Kd7 42. f4 a6 43. Kc5 Na5 44. Kb6 Nc4+ 45. Kxa6 Ke6 46. g4
Nd2 47. Kb6 h5 48. Ng7+ Kf7 49. Nxh5 Nc4+ 50. Kc5 Nxe3 51. h3 Nd1 52. f5 Nf2
53. Nf4 Kg7 54. Kd4 Kh6 55. Ke3 Nd1+ 56. Kf3 Nc3 57. h4 Nb5 58. Nh5 Nd4+ 59.
Ke4 Nc6 60. Nxf6 Kg7 61. g5 1-0

[Event "Tata Steel (B) 2015"]
[Site "Wijk aan Zee NED"]
[Date "2015.01.25"]
[Round "13"]
[White "Gunina, V."]
[Black "Van Kampen, R."]
[Result "0-1"]
[WhiteElo "2538"]
[BlackElo "2615"]
[PlyCount "124"]
[EventDate "2015.01.10"]

1. Nf3 Nf6 2. g3 b6 3. Bg2 Bb7 4. O-O g6 5. c4 Bg7 6. d4 O-O 7. Nc3 Ne4 8. Nxe4
Bxe4 9. Qb3 Nc6 10. d5 Na5 11. Qa4 c6 12. Rd1 Rc8 13. d6 exd6 14. Rxd6 Qe7 15.
c5 Nb7 16. Bg5 f6 17. Bf4 Nxc5 18. Qxa7 g5 19. Rad1 gxf4 20. Rxd7 Nxd7 21. Rxd7
Qc5 22. Rxg7+ Kh8 23. Nh4 Qc1+ 24. Bf1 Rcd8 25. f3 Bb1 26. Kg2 fxg3 27. hxg3
Rg8 28. Qc7 Qxb2 29. Re7 Qd2 30. Kh3 Qd6 31. Qxd6 Rxd6 32. Rb7 b5 33. a3 Ba2
34. f4 Be6+ 35. f5 Rd7 36. Rb6 Bd5 37. Bg2 Bxg2+ 38. Kxg2 Rc8 39. Nf3 Kg7 40.
e4 Re7 41. Nd4 Rxe4 42. Nxc6 Kh6 43. Na7 Rc2+ 44. Kf3 Rce2 45. Rxf6+ Kg5 46.
Re6 R2e3+ 47. Kf2 Rxe6 48. fxe6 Rxe6 49. Nxb5 Kg4 50. Nc3 Kh3 51. Ne2 Ra6 52.
Nf4+ Kg4 53. Nd5 Rxa3 54. Nf6+ Kf5 55. Nd5 Ra5 56. Nc3 Rc5 57. Ne2 Kg4 58. Kg2
Rc2 59. Kf2 Ra2 60. Ke3 Ra3+ 61. Kf2 Rd3 62. Kg2 Rf3 0-1

[Event "Tata Steel (B) 2015"]
[Site "Wijk aan Zee NED"]
[Date "2015.01.25"]
[Round "13"]
[White "Klein, Da"]
[Black "Navara, D."]
[Result "0-1"]
[WhiteElo "2517"]
[BlackElo "2729"]
[PlyCount "66"]
[EventDate "2015.01.10"]

1. e4 c6 2. d4 d5 3. Nd2 dxe4 4. Nxe4 Bf5 5. Ng3 Bg6 6. h4 h6 7. Nf3 e6 8. Ne5
Bh7 9. Bd3 Bxd3 10. Qxd3 Nd7 11. f4 Bb4+ 12. c3 Bd6 13. Ne4 Ndf6 14. Nxd6+ Qxd6
15. Bd2 Ne7 16. h5 Qd5 17. c4 Qxg2 18. O-O-O O-O 19. Bb4 Nf5 20. Bxf8 Rxf8 21.
Qf3 Qxf3 22. Nxf3 Ne3 23. Rde1 Nxc4 24. f5 exf5 25. Nh4 Nd6 26. Rhf1 f4 27. Re5
Nc4 28. Rc5 Nd5 29. Rxc4 Ne3 30. Rxf4 Nxc4 31. Nf5 Rd8 32. Ne7+ Kh7 33. Rxf7
Rd7 0-1

[Event "Tata Steel (B) 2015"]
[Site "Wijk aan Zee NED"]
[Date "2015.01.25"]
[Round "13"]
[White "Salem, AR."]
[Black "Wei Yi"]
[Result "1/2-1/2"]
[WhiteElo "2603"]
[BlackElo "2675"]
[PlyCount "73"]
[EventDate "2015.01.10"]

1. c4 g6 2. Nc3 c5 3. g3 Bg7 4. Bg2 Nc6 5. Nf3 e6 6. d3 Nge7 7. Bg5 h6 8. Bd2
b6 9. Qc1 Bb7 10. O-O d5 11. Rb1 Nd4 12. b4 dxc4 13. Nxd4 Bxg2 14. Nxe6 fxe6
15. Kxg2 cxd3 16. bxc5 bxc5 17. Re1 O-O 18. Ne4 dxe2 19. Qc4 Qd5 20. Qxd5 Nxd5
21. Nxc5 Rab8 22. Rxb8 Rxb8 23. Nb3 Bc3 24. Rxe2 Bxd2 25. Rxd2 Kf7 26. Nc5 Rb5
27. Ne4 Rb4 28. Re2 g5 29. Nc5 Nc7 30. Re3 Rb5 31. Ne4 Ra5 32. Re2 Nd5 33. Rb2
Kg6 34. h3 Kg7 35. Kh2 Kg6 36. Kg2 Kg7 37. Kh2 1/2-1/2

[Event "Tata Steel (B) 2015"]
[Site "Wijk aan Zee NED"]
[Date "2015.01.25"]
[Round "13"]
[White "Haast, A."]
[Black "Shankland, S."]
[Result "0-1"]
[WhiteElo "2352"]
[BlackElo "2652"]
[PlyCount "90"]
[EventDate "2015.01.10"]

1. e4 c5 2. Nf3 d6 3. d4 cxd4 4. Nxd4 Nf6 5. Nc3 a6 6. Be3 e5 7. Nb3 Be6 8. f3
h5 9. Be2 Nbd7 10. a4 Rc8 11. a5 Be7 12. O-O g6 13. Qd2 Kf8 14. Nd5 Bxd5 15.
exd5 Kg7 16. Ra4 b5 17. Raa1 Qc7 18. c3 Qb7 19. Rfd1 h4 20. Nc1 Bd8 21. Ra3 Bc7
22. Na2 Bb8 23. Rb3 Nc5 24. Rb4 Bc7 25. Bg5 Bxa5 26. Rxh4 Rxh4 27. Bxh4 Bb6 28.
Kh1 Rh8 29. Qe1 Qd7 30. Nb4 Qf5 31. Bf2 a5 32. Nd3 Nxd3 33. Bxd3 Bxf2 34. Qxf2
Rxh2+ 35. Kxh2 Ng4+ 36. Kg1 Nxf2 37. Kxf2 Qc8 38. Ke2 Qc5 39. b4 Qxc3 40. bxa5
Qxa5 41. Rb1 b4 42. Bc4 Qc5 43. Bb3 f5 44. Kf1 Qb5+ 45. Kg1 Qd3 0-1

[Event "Tata Steel (B) 2015"]
[Site "Wijk aan Zee NED"]
[Date "2015.01.25"]
[Round "13"]
[White "Potkin, V."]
[Black "Michiels, B."]
[Result "1/2-1/2"]
[WhiteElo "2608"]
[BlackElo "2563"]
[PlyCount "117"]
[EventDate "2015.01.10"]

1. d4 d5 2. c4 c6 3. Nf3 Nf6 4. e3 e6 5. Bd3 Nbd7 6. O-O b6 7. Nc3 Bb7 8. Qe2
Bd6 9. e4 dxe4 10. Nxe4 Nxe4 11. Bxe4 O-O 12. a3 a5 13. Bd2 Nf6 14. Bg5 h6 15.
Bxf6 Qxf6 16. Rad1 Qe7 17. Rfe1 Rad8 18. h4 Rfe8 19. h5 c5 20. Bxb7 Qxb7 21. d5
Qc8 22. dxe6 Rxe6 23. Qc2 Rxe1+ 24. Rxe1 Qg4 25. Qb3 Bc7 26. Qb5 Qd7 27. Qxd7
Rxd7 28. Re8+ Kh7 29. g3 Rd3 30. Kg2 Rb3 31. Rf8 Rxb2 32. a4 Re2 33. Rxf7 Bd8
34. Kf1 Re6 35. Rd7 Bf6 36. Rd3 Kg8 37. Re3 Rd6 38. Ke2 Kf7 39. Re4 Bc3 40. g4
g6 41. Rf4+ Kg7 42. hxg6 Kxg6 43. Rf5 Bf6 44. Rd5 Re6+ 45. Kd3 Bg5 46. Ne5+ Kf6
47. Nf3 Kg6 48. Rd7 Bf4 49. Rb7 h5 50. gxh5+ Kxh5 51. Ng1 Bh6 52. Ne2 Rd6+ 53.
Ke4 Re6+ 54. Kf3 Rf6+ 55. Kg2 Rg6+ 56. Kf1 Rg4 57. Ng3+ Kg5 58. Rxb6 Rxc4 59.
Rb5 1/2-1/2

[Event "Gibraltar Masters Open 2015"]
[Site "Caleta ENG"]
[Date "2015.01.28"]
[Round "2"]
[White "Debashis, Das"]
[Black "Topalov, Veselin"]
[Result "1/2-1/2"]
[WhiteElo "2503"]
[BlackElo "2800"]
[PlyCount "91"]
[EventDate "2015.01.27"]

1. d4 Nf6 2. c4 e6 3. Nc3 Bb4 4. e3 O-O 5. Bd3 c5 6. Nf3 d5 7. O-O dxc4 8. Bxc4
Nc6 9. a3 Bxc3 10. bxc3 Qc7 11. h3 e5 12. a4 Bf5 13. Ba3 b6 14. Bb5 e4 15. Nd2
Na5 16. Qe2 Rfd8 17. Rfc1 Be6 18. Rab1 Rd5 19. Qf1 Rg5 20. Kh1 Rd8 21. Be2 Rg6
22. f4 exf3 23. Bxf3 Qd7 24. Ra1 Nd5 25. Qf2 Bxh3 26. c4 Nf6 27. gxh3 cxd4 28.
e4 Nb3 29. Bg2 Nxa1 30. Rxa1 Re8 31. Bb2 Nh5 32. Ra3 d3 33. e5 Rg3 34. Kh2 Qc7
35. Ne4 d2 36. Rxg3 d1=Q 37. Nf6+ Kh8 38. Nxe8 Qc5 39. Qxc5 bxc5 40. e6 fxe6
41. Bxg7+ Nxg7 42. Nxg7 Qxa4 43. Nxe6 Qxc4 44. Ng5 a5 45. Ne4 a4 46. Rc3
1/2-1/2

[Event "Gibraltar Masters Open 2015"]
[Site "Caleta ENG"]
[Date "2015.01.28"]
[Round "2"]
[White "Wagner, Dennis"]
[Black "Svidler, Peter"]
[Result "1/2-1/2"]
[WhiteElo "2501"]
[BlackElo "2739"]
[PlyCount "61"]
[EventDate "2015.01.27"]

1. d4 Nf6 2. c4 g6 3. Nc3 d5 4. Nf3 Bg7 5. cxd5 Nxd5 6. e4 Nxc3 7. bxc3 c5 8.
h3 O-O 9. Be2 cxd4 10. cxd4 Nc6 11. Be3 f5 12. Bc4+ Kh8 13. O-O f4 14. Bd2 Nxd4
15. Bc3 Nxf3+ 16. Qxf3 Qc7 17. Rac1 Bd7 18. Bxg7+ Kxg7 19. Bb5 Bc6 20. Bxc6
bxc6 21. Rc5 Rac8 22. Rfc1 Qd6 23. Qc3+ Kf7 24. h4 Qf6 25. Qxf6+ exf6 26. Rxc6
Rxc6 27. Rxc6 Re8 28. Ra6 Rxe4 29. Rxa7+ Ke6 30. h5 gxh5 31. Rxh7 1/2-1/2

[Event "Gibraltar Masters Open 2015"]
[Site "Caleta ENG"]
[Date "2015.01.28"]
[Round "2"]
[White "Vitiugov, Nikita"]
[Black "Raznikov, Danny"]
[Result "1-0"]
[WhiteElo "2735"]
[BlackElo "2494"]
[PlyCount "63"]
[EventDate "2015.01.27"]

1. d4 Nf6 2. c4 e6 3. Nf3 d5 4. Nc3 Be7 5. Bf4 O-O 6. e3 Nbd7 7. c5 Ne4 8. Rc1
Nxc3 9. Rxc3 b6 10. c6 Nf6 11. a3 a5 12. Rc2 Ba6 13. Bxa6 Rxa6 14. Ne5 a4 15.
g4 Ne4 16. Nd7 Re8 17. Qd3 Ra5 18. O-O Nd6 19. Bxd6 Bxd6 20. f4 Re7 21. f5 e5
22. f6 Rxd7 23. Qf5 Ra8 24. dxe5 Bxe5 25. cxd7 Qxf6 26. Qxf6 gxf6 27. g5 Rd8
28. gxf6 Rxd7 29. Rf5 Bd6 30. Rg2+ Kh8 31. Rh5 Bc5 32. Rg7 1-0

[Event "Gibraltar Masters Open 2015"]
[Site "Caleta ENG"]
[Date "2015.01.28"]
[Round "2"]
[White "Svane, Rasmus"]
[Black "Jakovenko, Dmitry"]
[Result "0-1"]
[WhiteElo "2496"]
[BlackElo "2733"]
[PlyCount "68"]
[EventDate "2015.01.27"]

1. c4 e5 2. g3 c6 3. d4 e4 4. Nc3 d5 5. Bg2 Nf6 6. cxd5 cxd5 7. Bg5 Be7 8. e3
Nc6 9. Nge2 Nd7 10. Bxe7 Nxe7 11. O-O Nb6 12. Rc1 O-O 13. b3 Bg4 14. h3 Bd7 15.
Qd2 Bc6 16. f3 exf3 17. Rxf3 Qd6 18. Nf4 Rae8 19. Rcf1 Ng6 20. Nd3 Nd7 21. Qf2
Nf6 22. Nf4 b5 23. g4 b4 24. g5 bxc3 25. gxf6 Qxf6 26. Nxd5 Qd6 27. e4 Rxe4 28.
Nxc3 Rxd4 29. Rxf7 Rf4 30. Rxf8+ Qxf8 31. Bxc6 Rxf2 32. Rxf2 Qc5 33. Bd5+ Kh8
34. Bc4 Qg5+ 0-1

[Event "Gibraltar Masters Open 2015"]
[Site "Caleta ENG"]
[Date "2015.01.28"]
[Round "2"]
[White "Yu, Yangyi"]
[Black "Shyam, Sundar M"]
[Result "1-0"]
[WhiteElo "2724"]
[BlackElo "2489"]
[PlyCount "135"]
[EventDate "2015.01.27"]

1. e4 e6 2. d4 d5 3. e5 c5 4. c3 Qa5 5. dxc5 Qxc5 6. Nf3 Nd7 7. Bd3 Qc7 8. Bf4
Ne7 9. O-O Nc6 10. Re1 Nc5 11. Bc2 f5 12. c4 Nb4 13. Na3 Bd7 14. Nd4 Nxc2 15.
Qxc2 Na6 16. cxd5 Bxa3 17. dxe6 Bxe6 18. Qa4+ Qd7 19. Qxd7+ Kxd7 20. bxa3 Nc7
21. Red1 Nd5 22. Nxf5 Bxf5 23. Rxd5+ Ke7 24. a4 Rac8 25. a5 a6 26. h3 Rc4 27.
Bg5+ Kf7 28. Re1 h6 29. Bd8 Be6 30. Rd6 Rc6 31. Rd2 Rc8 32. Bb6 Rc3 33. Bd4 Rc7
34. Rb2 Rhc8 35. Kh2 Rd7 36. Be3 Rc4 37. Reb1 Ra4 38. Rxb7 Rxa5 39. Rxd7+ Bxd7
40. Rb7 Ke7 41. f4 Ke8 42. Rb2 h5 43. Bd2 Rb5 44. Rc2 Bf5 45. Rc7 Rb2 46. Bc3
Rc2 47. Kg3 g6 48. a3 Kd8 49. Rc5 Ke8 50. Kf3 Bd7 51. g4 hxg4+ 52. hxg4 Rc1 53.
g5 Bf5 54. Rc6 Bd7 55. Rc7 Kd8 56. Rc5 Ke8 57. Ke4 Bf5+ 58. Kd5 Kd7 59. Kc4 Ke8
60. Rc6 Rd1 61. e6 Bg4 62. Kc5 a5 63. Ra6 Rc1 64. Kd6 Bf3 65. Bd4 Rd1 66. Ke5
Re1+ 67. Kf6 Bd5 68. Be5 1-0

[Event "Gibraltar Masters Open 2015"]
[Site "Caleta ENG"]
[Date "2015.01.28"]
[Round "2"]
[White "Ducarmon, Quinten"]
[Black "Harikrishna, Pentala"]
[Result "0-1"]
[WhiteElo "2488"]
[BlackElo "2723"]
[PlyCount "104"]
[EventDate "2015.01.27"]

1. e4 e6 2. d4 d5 3. Nd2 Nf6 4. e5 Nfd7 5. Bd3 c5 6. c3 Nc6 7. Ngf3 g6 8. h4 h6
9. Qe2 Qb6 10. dxc5 Qc7 11. Nb3 Ndxe5 12. Nxe5 Nxe5 13. h5 Nxd3+ 14. Qxd3 Rg8
15. Be3 Bd7 16. O-O-O b6 17. Qd4 Bb5 18. Kb1 bxc5 19. Nxc5 gxh5 20. Nd3 Rg4 21.
Nf4 O-O-O 22. Qd2 Bd6 23. g3 h4 24. Rxh4 Rxh4 25. gxh4 Bc6 26. h5 Kb8 27. Nd3
Bb5 28. Bxh6 Rh8 29. Qg5 f6 30. Qg7 Qxg7 31. Bxg7 Rxh5 32. Bxf6 e5 33. Nc1 Bc6
34. Re1 a5 35. Rg1 Rh6 36. Bg5 Rg6 37. Rg3 d4 38. Kc2 Kb7 39. cxd4 Be4+ 40. Kd1
exd4 41. f4 a4 42. Rh3 Kc6 43. Nd3 Bf5 44. Rg3 Kd5 45. Kd2 Rg7 46. Rf3 Rh7 47.
a3 Rb7 48. Nb4+ Bxb4+ 49. axb4 Rxb4 50. Ra3 Rxb2+ 51. Kc1 Rc2+ 52. Kd1 d3 0-1

[Event "Gibraltar Masters Open 2015"]
[Site "Caleta ENG"]
[Date "2015.01.28"]
[Round "2"]
[White "Rapport, Richard"]
[Black "Tari, Aryan"]
[Result "1-0"]
[WhiteElo "2716"]
[BlackElo "2487"]
[PlyCount "37"]
[EventDate "2015.01.27"]

1. d4 Nf6 2. Bg5 d5 3. e3 Nbd7 4. Nf3 c5 5. c3 e6 6. Nbd2 Be7 7. Bd3 O-O 8. a4
b6 9. Qb1 Bb7 10. h4 h6 11. Bf4 Ng4 12. Ng5 Ngf6 13. Rh3 Qc8 14. Ndf3 hxg5 15.
hxg5 Ne4 16. Bxe4 dxe4 17. Kd2 g6 18. Qh1 f6 19. Rh7 1-0

[Event "Gibraltar Masters Open 2015"]
[Site "Caleta ENG"]
[Date "2015.01.27"]
[Round "1"]
[White "Prosviriakov, Vladimir"]
[Black "Wei, Yi"]
[Result "0-1"]
[WhiteElo "2257"]
[BlackElo "2675"]
[PlyCount "62"]
[EventDate "2015.01.27"]

1. e4 c5 2. Nf3 Nc6 3. Bb5 g6 4. O-O Bg7 5. Re1 Nf6 6. e5 Nd5 7. Nc3 Nc7 8.
Bxc6 dxc6 9. Ne4 b6 10. Nf6+ Kf8 11. Ne4 Bg4 12. d3 Bxe5 13. h3 Bxf3 14. Qxf3
Bg7 15. Ng5 Qd5 16. Re4 e5 17. c4 Qd7 18. Qe2 f6 19. Nf3 Rd8 20. g4 h6 21. b4
Qxd3 22. bxc5 bxc5 23. Kg2 f5 24. gxf5 gxf5 25. Qxd3 Rxd3 26. Re3 Rxe3 27. Bxe3
e4 28. Bxc5+ Kf7 29. Nd4 Ne6 30. Nxe6 Bxa1 31. Nf4 Be5 0-1

[Event "Gibraltar Masters Open 2015"]
[Site "Caleta ENG"]
[Date "2015.01.28"]
[Round "2"]
[White "Wei, Yi"]
[Black "Pichot, Alan"]
[Result "1-0"]
[WhiteElo "2675"]
[BlackElo "2480"]
[PlyCount "91"]
[EventDate "2015.01.27"]

1. e4 c5 2. Nf3 e6 3. d4 cxd4 4. Nxd4 a6 5. Bd3 Qc7 6. O-O Nf6 7. Qe2 d6 8. f4
Nbd7 9. c4 Be7 10. Nc3 b6 11. b4 O-O 12. Be3 Re8 13. g4 g6 14. g5 Nh5 15. Qf2
Bb7 16. Be2 e5 17. fxe5 Nxe5 18. Nd5 Bxd5 19. cxd5 Bf8 20. Rac1 Qd7 21. Qh4 b5
22. Bxh5 gxh5 23. Nf5 Ng6 24. Qh3 Qb7 25. Qf3 Rac8 26. Rxc8 Rxc8 27. Nh6+ Bxh6
28. gxh6 Qe7 29. Qf5 Rc4 30. Qf6 Qxf6 31. Rxf6 Rxe4 32. Kf2 Ne5 33. Rxd6 Ng4+
34. Kg1 f5 35. Bc5 f4 36. h3 Ne5 37. Rf6 Nf7 38. Rxa6 Ng5 39. Rf6 Re8 40. d6
Re1+ 41. Kg2 f3+ 42. Kh2 Rd1 43. Rf5 Rd2+ 44. Kg3 Ne4+ 45. Kxf3 Nxd6 46. Bxd6
1-0

[Event "Gibraltar Masters Open 2015"]
[Site "Caleta ENG"]
[Date "2015.01.29"]
[Round "3"]
[White "Stefansson, Hannes"]
[Black "Vitiugov, Nikita"]
[Result "1/2-1/2"]
[WhiteElo "2573"]
[BlackElo "2735"]
[PlyCount "40"]
[EventDate "2015.01.27"]

1. e4 e6 2. d4 d5 3. Nc3 Bb4 4. exd5 exd5 5. Bd3 c6 6. Nge2 Ne7 7. O-O Bf5 8.
Bxf5 Nxf5 9. Qd3 Ne7 10. Bg5 Qd7 11. Rae1 O-O 12. Ng3 f6 13. Bf4 Na6 14. a3
Bxc3 15. Qxc3 Ng6 16. Qf3 Rae8 17. h3 Ne5 18. Qc3 Ng6 19. Qf3 Ne5 20. Qc3 Ng6
1/2-1/2

[Event "Gibraltar Masters Open 2015"]
[Site "Caleta ENG"]
[Date "2015.01.29"]
[Round "3"]
[White "Jakovenko, Dmitry"]
[Black "Mikhalevski, Victor"]
[Result "1/2-1/2"]
[WhiteElo "2733"]
[BlackElo "2571"]
[PlyCount "83"]
[EventDate "2015.01.27"]

1. Nf3 Nf6 2. c4 g6 3. Nc3 d5 4. cxd5 Nxd5 5. g3 Bg7 6. Bg2 Nxc3 7. bxc3 O-O 8.
Ba3 Nd7 9. O-O c5 10. d4 Qc7 11. Rb1 b6 12. c4 Nf6 13. Nd2 Bb7 14. d5 e5 15.
Bb2 Ne8 16. Ne4 h6 17. Bc3 Rd8 18. a4 f5 19. Nd2 Nd6 20. a5 Rb8 21. Qa4 e4 22.
Bxg7 Kxg7 23. e3 Bc8 24. Rb3 Bd7 25. Qa1+ Kh7 26. axb6 axb6 27. Rfb1 b5 28.
cxb5 Rxb5 29. Bf1 Rxb3 30. Rxb3 c4 31. Rc3 Bb5 32. Ra3 Qg7 33. Ra7 Rf7 34. Rxf7
Qxf7 35. Qe5 Qd7 36. Nb1 Ba4 37. Nc3 Bc2 38. h3 Bd3 39. Bg2 Nb7 40. Qb8 Nd6 41.
g4 Qe7 42. Qb6 1/2-1/2

[Event "Gibraltar Masters Open 2015"]
[Site "Caleta ENG"]
[Date "2015.01.29"]
[Round "3"]
[White "Oparin, Grigoriy"]
[Black "Yu, Yangyi"]
[Result "1/2-1/2"]
[WhiteElo "2551"]
[BlackElo "2724"]
[PlyCount "90"]
[EventDate "2015.01.27"]

1. e4 c5 2. Nf3 d6 3. d4 cxd4 4. Nxd4 Nf6 5. Nc3 a6 6. h3 Nc6 7. g4 Qb6 8. Nb3
e6 9. Bg2 Nd7 10. O-O Be7 11. a4 O-O 12. Be3 Qc7 13. a5 b5 14. axb6 Nxb6 15.
Qe2 Rb8 16. f4 Nb4 17. Bf2 Nc4 18. Nd1 a5 19. c3 Nd3 20. Nxa5 Ndxb2 21. Nxb2
Nxa5 22. Rac1 Rb3 23. Rc2 Bb7 24. Rfc1 Rb8 25. Nd1 h6 26. Ne3 Bc6 27. c4 Rb1
28. Kh2 Rxc1 29. Rxc1 Nb3 30. Rb1 Nc5 31. Nd5 Bxd5 32. Rxb8+ Qxb8 33. exd5 Bf6
34. dxe6 Nxe6 35. Bg3 g5 36. fxg5 hxg5 37. Bd5 Nf4 38. Bxf4 gxf4 39. g5 Be5 40.
Kg2 Qb3 41. Bf3 Qb1 42. Qe4 Qb2+ 43. Qe2 Qc1 44. h4 Bd4 45. Kh3 Qg1 1/2-1/2

[Event "Gibraltar Masters Open 2015"]
[Site "Caleta ENG"]
[Date "2015.01.29"]
[Round "3"]
[White "Harikrishna, Pentala"]
[Black "Chirila, Ioan-Cristian"]
[Result "1-0"]
[WhiteElo "2723"]
[BlackElo "2548"]
[PlyCount "51"]
[EventDate "2015.01.27"]

1. e4 e5 2. Nf3 Nc6 3. Bb5 Nf6 4. d3 Bc5 5. O-O Nd4 6. Nxd4 Bxd4 7. Nd2 O-O 8.
c3 Bc5 9. d4 exd4 10. e5 dxc3 11. exf6 cxd2 12. fxg7 Kxg7 13. Bxd2 d6 14. Bc3+
f6 15. Qh5 Qe7 16. Bd3 Kg8 17. Rae1 Qf7 18. Qh4 h5 19. Re3 Bxe3 20. fxe3 Qg7
21. Qxh5 c6 22. Rf4 Bd7 23. Bf5 Bxf5 24. Qxf5 Qh6 25. Rg4+ Kh8 26. Rg5 1-0

[Event "Gibraltar Masters Open 2015"]
[Site "Caleta ENG"]
[Date "2015.01.29"]
[Round "3"]
[White "Ju, Wenjun"]
[Black "Rapport, Richard"]
[Result "1-0"]
[WhiteElo "2547"]
[BlackElo "2716"]
[PlyCount "79"]
[EventDate "2015.01.27"]

1. d4 d5 2. c4 Nc6 3. Nf3 Bg4 4. Bf4 Bxf3 5. gxf3 e6 6. e3 Nge7 7. Nc3 a6 8.
Qb3 Ra7 9. Rc1 g6 10. cxd5 Nxd5 11. Bg3 Nxc3 12. bxc3 Bd6 13. c4 Qg5 14. Bg2
Qa5+ 15. Ke2 h5 16. f4 O-O 17. Bh4 Qf5 18. h3 Be7 19. Bg3 h4 20. Bh2 Qa5 21.
Rhd1 Bd6 22. d5 exd5 23. cxd5 Nb8 24. e4 Re8 25. e5 b6 26. Kf1 Bc5 27. Kg1 Qb5
28. Qc2 Nd7 29. Re1 Bb4 30. Re3 Bc5 31. Re4 Bf8 32. Rc4 Nc5 33. f5 Bg7 34. fxg6
c6 35. dxc6 Bxe5 36. gxf7+ Rxf7 37. Bd5 Bxh2+ 38. Kxh2 Ne6 39. Qg6+ Kf8 40.
Qh6+ 1-0